[Event "DEM U12 2021"]
[Site "Willingen GER"]
[Date "2021.08.29"]
[Round "9"]
[White "Lehmann, Simon"]
[Black "Birkenheier, Nicolas"]
[Result "1/2-1/2"]
[Termination "normal"]
[Board "20"]
[WhiteElo "1484"]
[BlackElo "1293"]
[WhiteClock "01:10:41"]
[BlackClock "00:30:24"]
[PlyCount "123"]
[WhiteFideId "16292537"]
[BlackFideId "16287100"]
[EventCountry "GER"]
[EventRounds "9"]
[EventType "swiss"]
[EventDate "2021.08.22"]

1. d4 {[%clk 01:30:58]} {[%emt 00:00:02]} d5 {[%clk 01:30:41]} {[%emt
00:00:19]} 2. Nf3 {[%clk 01:31:22]} {[%emt 00:00:05]} Nf6 {[%clk 01:30:47]}
{[%emt 00:00:24]} 3. Bf4 {[%clk 01:31:46]} {[%emt 00:00:07]} c5 {[%clk
01:30:45]} {[%emt 00:00:33]} 4. e3 {[%clk 01:32:09]} {[%emt 00:00:06]} Nc6
{[%clk 01:30:40]} {[%emt 00:00:35]} 5. c3 {[%clk 01:32:23]} {[%emt 00:00:15]}
e6 {[%clk 01:29:51]} {[%emt 00:01:20]} 6. Bd3 {[%clk 01:32:40]} {[%emt
00:00:12]} Bd6 {[%clk 01:29:32]} {[%emt 00:00:50]} 7. Bxd6 {[%clk 01:32:43]}
{[%emt 00:00:28]} Qxd6 {[%clk 01:29:41]} {[%emt 00:00:20]} 8. Nbd2 {[%clk
01:32:50]} {[%emt 00:00:21]} b6 {[%clk 01:28:15]} {[%emt 00:01:59]} 9. O-O
{[%clk 01:33:00]} {[%emt 00:00:19]} O-O {[%clk 01:27:33]} {[%emt 00:01:16]} 10.
Re1 {[%clk 01:32:45]} {[%emt 00:00:40]} Bb7 {[%clk 01:20:52]} {[%emt 00:07:12]}
11. Qc2 {[%clk 01:26:55]} {[%emt 00:06:19]} e5 {[%clk 01:16:48]} {[%emt
00:04:35]} 12. dxe5 {[%clk 01:26:56]} {[%emt 00:00:28]} Nxe5 {[%clk 01:17:08]}
{[%emt 00:00:10]} 13. Nxe5 {[%clk 01:27:19]} {[%emt 00:00:07]} Qxe5 {[%clk
01:16:45]} {[%emt 00:00:53]} 14. c4 {[%clk 01:26:20]} {[%emt 00:01:30]} dxc4
{[%clk 01:13:19]} {[%emt 00:03:56]} 15. Nxc4 {[%clk 01:26:07]} {[%emt
00:00:42]} Qg5 {[%clk 01:12:25]} {[%emt 00:01:24]} 16. f4 {[%clk 01:19:55]}
{[%emt 00:06:43]} Qd5 {[%clk 01:07:23]} {[%emt 00:05:30]} 17. Rad1 {[%clk
01:20:10]} {[%emt 00:00:16]} Qe6 {[%clk 01:00:23]} {[%emt 00:07:29]} 18. Bf5
{[%clk 01:18:55]} {[%emt 00:01:46]} Qe7 {[%clk 00:58:09]} {[%emt 00:02:43]} 19.
Rd2 {[%clk 01:17:59]} {[%emt 00:01:23]} g6 {[%clk 00:56:27]} {[%emt 00:02:16]}
20. Bd3 {[%clk 01:12:37]} {[%emt 00:05:53]} Ne4 {[%clk 00:52:51]} {[%emt
00:04:05]} 21. Bxe4 {[%clk 01:10:40]} {[%emt 00:02:28]} Bxe4 {[%clk 00:52:23]}
{[%emt 00:00:58]} 22. Qc3 {[%clk 01:11:02]} {[%emt 00:00:08]} Rad8 {[%clk
00:49:40]} {[%emt 00:03:10]} 23. Red1 {[%clk 01:10:08]} {[%emt 00:01:26]} Rxd2
{[%clk 00:49:11]} {[%emt 00:01:00]} 24. Qxd2 {[%clk 01:10:12]} {[%emt
00:00:24]} Qe6 {[%clk 00:48:21]} {[%emt 00:01:22]} 25. b3 {[%clk 01:10:02]}
{[%emt 00:00:40]} Re8 {[%clk 00:45:03]} {[%emt 00:03:48]} 26. h3 {[%clk
01:05:16]} {[%emt 00:05:15]} b5 {[%clk 00:40:42]} {[%emt 00:04:51]} 27. Ne5
{[%clk 01:04:21]} {[%emt 00:01:25]} f6 {[%clk 00:38:04]} {[%emt 00:03:08]} 28.
Nd7 {[%clk 01:04:36]} {[%emt 00:00:16]} Rc8 {[%clk 00:34:27]} {[%emt 00:04:03]}
29. Nxc5 {[%clk 01:02:24]} {[%emt 00:02:45]} Qc6 {[%clk 00:28:29]} {[%emt
00:06:28]} 30. b4 {[%clk 01:00:18]} {[%emt 00:02:36]} Re8 {[%clk 00:24:58]}
{[%emt 00:04:01]} 31. g4 {[%clk 00:55:07]} {[%emt 00:05:42]} Bf3 {[%clk
00:22:24]} {[%emt 00:03:03]} 32. Rc1 {[%clk 00:51:22]} {[%emt 00:04:15]} Qd5
{[%clk 00:19:10]} {[%emt 00:03:44]} 33. Nb3 {[%clk 00:48:07]} {[%emt 00:03:45]}
Qxd2 {[%clk 00:16:46]} {[%emt 00:16:52]} 34. Nxd2 {[%clk 00:48:32]} Rxe3 {[%clk
00:16:42]} 35. Kf2 {[%clk 00:48:26]} Re2+ {[%clk 00:16:56]} 36. Kxf3 {[%clk
00:48:48]} Rxd2 {[%clk 00:17:18]} 37. Rc8+ {[%clk 00:49:05]} Kf7 {[%clk
00:17:05]} 38. Rc7+ {[%clk 00:49:30]} Kg8 {[%clk 00:17:24]} 39. Rxa7 {[%clk
00:49:55]} Rd3+ {[%clk 00:17:40]} 40. Ke4 {[%clk 00:48:40]} Rxh3 {[%clk
00:18:02]} 41. a4 {[%clk 00:48:48]} bxa4 {[%clk 00:17:13]} 42. Rxa4 {[%clk
00:49:08]} Rb3 {[%clk 00:16:51]} 43. Kd5 {[%clk 00:49:24]} h5 {[%clk 00:15:36]}
44. Kc5 {[%clk 00:48:03]} hxg4 {[%clk 00:15:07]} 45. b5 {[%clk 00:48:14]} g3
{[%clk 00:13:06]} {[%emt 00:01:36]} 46. Ra2 {[%clk 00:48:31]} {[%emt 00:00:13]}
Kf7 {[%clk 00:10:56]} {[%emt 00:02:40]} 47. b6 {[%clk 00:48:20]} {[%emt
00:00:41]} Ke6 {[%clk 00:11:04]} {[%emt 00:00:22]} 48. Kc6 {[%clk 00:47:34]}
{[%emt 00:01:15]} Kf5 {[%clk 00:09:31]} {[%emt 00:02:02]} 49. b7 {[%clk
00:45:06]} {[%emt 00:02:59]} Kxf4 {[%clk 00:09:15]} {[%emt 00:00:46]} 50. Kc7
{[%clk 00:45:27]} {[%emt 00:00:09]} Rc3+ {[%clk 00:09:35]} {[%emt 00:00:10]}
51. Kd7 {[%clk 00:44:59]} {[%emt 00:00:57]} Rb3 {[%clk 00:09:55]} {[%emt
00:00:10]} 52. Ra4+ {[%clk 00:44:35]} {[%emt 00:00:55]} Kf3 {[%clk 00:09:32]}
{[%emt 00:00:52]} 53. Ra3 {[%clk 00:44:48]} {[%emt 00:00:16]} Rxa3 {[%clk
00:09:15]} {[%emt 00:00:47]} 54. b8=Q {[%clk 00:45:06]} {[%emt 00:00:07]} Rd3+
{[%clk 00:08:13]} {[%emt 00:01:38]} 55. Ke6 {[%clk 00:45:18]} {[%emt 00:00:17]}
f5 {[%clk 00:05:48]} {[%emt 00:02:56]} 56. Qb7+ {[%clk 00:45:13]} {[%emt
00:00:35]} Kf2 {[%clk 00:05:10]} {[%emt 00:01:07]} 57. Qb2+ {[%clk 00:44:44]}
{[%emt 00:01:00]} Ke3 {[%clk 00:04:28]} {[%emt 00:01:10]} 58. Qg2 {[%clk
00:43:26]} {[%emt 00:01:49]} f4 {[%clk 00:03:46]} {[%emt 00:01:12]} 59. Ke5
{[%clk 00:43:14]} {[%emt 00:00:43]} f3 {[%clk 00:01:15]} {[%emt 00:03:00]} 60.
Qxg3 {[%clk 00:43:10]} {[%emt 00:00:34]} Ke2 {[%clk 00:01:06]} {[%emt
00:00:39]} 61. Qxg6 {[%clk 00:42:48]} {[%emt 00:00:52]} f2 {[%clk 00:30:24]}
{[%emt 00:01:54]} 62. Qg2 {[%clk 01:10:41]} {[%emt 00:02:37]} 1/2-1/2

[Event "DEM U12 2021"]
[Site "Willingen GER"]
[Date "2021.08.29"]
[Round "9"]
[White "Theviot, Luca"]
[Black "Detjen, Mattes"]
[Result "1-0"]
[Termination "normal"]
[Board "21"]
[WhiteElo "1417"]
[BlackElo "1162"]
[WhiteClock "01:18:59"]
[BlackClock "00:52:38"]
[PlyCount "47"]
[WhiteFideId "16277449"]
[BlackFideId "16235690"]
[EventCountry "GER"]
[EventRounds "9"]
[EventType "swiss"]
[EventDate "2021.08.22"]

1. c4 {[%clk 01:30:57]} {[%emt 00:00:04]} e6 {[%clk 01:30:24]} {[%emt
00:00:35]} 2. g3 {[%clk 01:31:20]} {[%emt 00:00:07]} d5 {[%clk 01:30:15]}
{[%emt 00:00:39]} 3. Bg2 {[%clk 01:31:40]} {[%emt 00:00:11]} Nf6 {[%clk
01:29:43]} {[%emt 00:01:01]} 4. Nf3 {[%clk 01:32:04]} {[%emt 00:00:06]} Be7
{[%clk 01:28:47]} {[%emt 00:01:25]} 5. O-O {[%clk 01:32:27]} {[%emt 00:00:08]}
O-O {[%clk 01:28:53]} {[%emt 00:00:24]} 6. b3 {[%clk 01:32:18]} {[%emt
00:00:39]} c5 {[%clk 01:28:01]} {[%emt 00:01:22]} 7. e3 {[%clk 01:32:42]}
{[%emt 00:00:05]} b6 {[%clk 01:27:30]} {[%emt 00:01:01]} 8. Qe2 {[%clk
01:32:12]} {[%emt 00:01:00]} Bb7 {[%clk 01:26:47]} {[%emt 00:01:14]} 9. d3
{[%clk 01:30:14]} {[%emt 00:02:29]} Nc6 {[%clk 01:21:18]} {[%emt 00:05:55]} 10.
Re1 {[%clk 01:30:14]} {[%emt 00:00:33]} Qc7 {[%clk 01:19:53]} {[%emt 00:01:54]}
11. Bb2 {[%clk 01:29:32]} {[%emt 00:01:12]} Rad8 {[%clk 01:17:06]} {[%emt
00:03:16]} 12. e4 {[%clk 01:29:04]} {[%emt 00:01:09]} d4 {[%clk 01:16:58]}
{[%emt 00:00:27]} 13. Nbd2 {[%clk 01:27:51]} {[%emt 00:01:44]} e5 {[%clk
01:15:45]} {[%emt 00:01:43]} 14. Rf1 {[%clk 01:27:20]} {[%emt 00:01:01]} Rfe8
{[%clk 01:10:06]} {[%emt 00:06:08]} 15. Ne1 {[%clk 01:25:44]} {[%emt 00:02:06]}
a5 {[%clk 01:08:48]} {[%emt 00:01:49]} 16. f4 {[%clk 01:24:27]} {[%emt
00:01:46]} Bd6 {[%clk 01:04:22]} {[%emt 00:04:55]} 17. f5 {[%clk 01:22:51]}
{[%emt 00:02:08]} Nb4 {[%clk 00:59:29]} {[%emt 00:05:22]} 18. a3 {[%clk
01:22:34]} {[%emt 00:00:48]} Nc6 {[%clk 00:58:58]} {[%emt 00:01:01]} 19. g4
{[%clk 01:21:14]} {[%emt 00:01:49]} g5 {[%clk 00:56:09]} {[%emt 00:03:18]} 20.
fxg6 {[%clk 01:21:03]} {[%emt 00:00:44]} Re6 {[%clk 00:54:53]} {[%emt
00:01:45]} 21. gxf7+ {[%clk 01:20:24]} {[%emt 00:01:09]} Kf8 {[%clk 00:54:41]}
{[%emt 00:00:41]} 22. g5 {[%clk 01:19:35]} {[%emt 00:01:20]} Nd7 {[%clk
00:52:52]} {[%emt 00:02:19]} 23. Qh5 {[%clk 01:18:59]} {[%emt 00:01:06]} Ke7
{[%clk 00:52:38]} {[%emt 00:00:45]} 24. Qxh7 {[%emt 00:01:44]} 1-0

[Event "DEM U12 2021"]
[Site "Willingen GER"]
[Date "2021.08.29"]
[Round "9"]
[White "Middendorf, Sven-Jonas"]
[Black "Bräutigam, Alexander"]
[Result "0-1"]
[Termination "normal"]
[Board "22"]
[WhiteElo "1407"]
[BlackElo "1555"]
[WhiteClock "00:16:32"]
[BlackClock "01:03:35"]
[PlyCount "54"]
[WhiteFideId "16287207"]
[BlackFideId "16245210"]
[EventCountry "GER"]
[EventRounds "9"]
[EventType "swiss"]
[EventDate "2021.08.22"]

1. e4 {[%clk 01:30:54]} {[%emt 00:00:05]} c5 {[%clk 01:30:56]} {[%emt
00:00:05]} 2. Nf3 {[%clk 01:31:11]} {[%emt 00:00:13]} d6 {[%clk 01:31:21]}
{[%emt 00:00:05]} 3. d4 {[%clk 01:31:38]} {[%emt 00:00:03]} cxd4 {[%clk
01:31:47]} {[%emt 00:00:05]} 4. Nxd4 {[%clk 01:32:04]} {[%emt 00:00:03]} Nf6
{[%clk 01:32:12]} {[%emt 00:00:05]} 5. Nc3 {[%clk 01:32:31]} {[%emt 00:00:03]}
a6 {[%clk 01:32:38]} {[%emt 00:00:05]} 6. Be2 {[%clk 01:32:48]} {[%emt
00:00:12]} e6 {[%clk 01:32:42]} {[%emt 00:00:25]} 7. O-O {[%clk 01:32:21]}
{[%emt 00:00:58]} Be7 {[%clk 01:32:52]} {[%emt 00:00:20]} 8. a4 {[%clk
01:30:14]} {[%emt 00:02:38]} Bd7 {[%clk 01:31:41]} {[%emt 00:01:40]} 9. Be3
{[%clk 01:25:40]} {[%emt 00:05:05]} O-O {[%clk 01:30:37]} {[%emt 00:01:34]} 10.
a5 {[%clk 01:20:50]} {[%emt 00:05:19]} Nc6 {[%clk 01:28:48]} {[%emt 00:02:19]}
11. Nb3 {[%clk 01:13:53]} {[%emt 00:07:27]} Qb8 {[%clk 01:23:42]} {[%emt
00:05:37]} 12. f3 {[%clk 01:07:45]} {[%emt 00:06:37]} Bd8 {[%clk 01:22:06]}
{[%emt 00:02:06]} 13. Bf4 {[%clk 00:54:26]} {[%emt 00:13:49]} Bc7 {[%clk
01:20:51]} {[%emt 00:01:45]} 14. Bg5 {[%clk 00:45:30]} {[%emt 00:09:25]} Kh8
{[%clk 01:15:42]} {[%emt 00:05:40]} 15. Bxf6 {[%clk 00:43:48]} {[%emt
00:02:11]} gxf6 {[%clk 01:16:03]} {[%emt 00:00:10]} 16. f4 {[%clk 00:43:17]}
{[%emt 00:01:02]} Rg8 {[%clk 01:13:56]} {[%emt 00:02:38]} 17. Bd3 {[%clk
00:39:30]} {[%emt 00:04:16]} Rg7 {[%clk 01:12:18]} {[%emt 00:02:06]} 18. Qh5
{[%clk 00:35:45]} {[%emt 00:04:16]} Qa7+ {[%clk 01:09:17]} {[%emt 00:03:31]}
19. Kh1 {[%clk 00:33:39]} {[%emt 00:02:35]} Rag8 {[%clk 01:08:35]} {[%emt
00:01:12]} 20. Rg1 {[%clk 00:28:51]} {[%emt 00:05:19]} Qf2 {[%clk 01:07:27]}
{[%emt 00:01:38]} 21. e5 {[%clk 00:26:09]} {[%emt 00:03:12]} f5 {[%clk
01:07:17]} {[%emt 00:00:39]} 22. Nd1 {[%clk 00:21:49]} {[%emt 00:04:50]} Qxf4
{[%clk 01:06:24]} {[%emt 00:01:24]} 23. exd6 {[%clk 00:21:54]} {[%emt
00:00:24]} Bxd6 {[%clk 01:05:55]} {[%emt 00:00:59]} 24. Nc3 {[%clk 00:20:48]}
{[%emt 00:01:37]} Rg5 {[%clk 01:04:27]} {[%emt 00:01:58]} 25. Qh3 {[%clk
00:19:31]} {[%emt 00:01:46]} Qxh2+ {[%clk 01:03:19]} {[%emt 00:01:39]} 26. Qxh2
{[%clk 00:19:48]} {[%emt 00:00:13]} Bxh2 {[%clk 01:03:46]} {[%emt 00:00:03]}
27. Kxh2 {[%clk 00:16:32]} {[%emt 00:03:46]} Rh5# {[%clk 01:03:35]} {[%emt
00:00:05]} 0-1

[Event "DEM U12 2021"]
[Site "Willingen GER"]
[Date "2021.08.29"]
[Round "9"]
[White "Schaudienst, Arvid"]
[Black "Jumah, Shayan"]
[Result "1-0"]
[Termination "normal"]
[Board "23"]
[WhiteElo "1368"]
[BlackElo "1275"]
[WhiteClock "00:53:51"]
[BlackClock "00:07:25"]
[PlyCount "85"]
[WhiteFideId "16266943"]
[BlackFideId "16281888"]
[EventCountry "GER"]
[EventRounds "9"]
[EventType "swiss"]
[EventDate "2021.08.22"]

1. e4 {[%clk 01:30:58]} {[%emt 00:00:01]} e6 {[%clk 01:30:54]} {[%emt
00:00:07]} 2. d4 {[%clk 01:31:23]} {[%emt 00:00:05]} d5 {[%clk 01:31:20]}
{[%emt 00:00:04]} 3. Nc3 {[%clk 01:31:51]} {[%emt 00:00:03]} Nf6 {[%clk
01:31:42]} {[%emt 00:00:08]} 4. e5 {[%clk 01:31:32]} {[%emt 00:00:49]} Nfd7
{[%clk 01:32:06]} {[%emt 00:00:05]} 5. Nce2 {[%clk 01:30:16]} {[%emt 00:01:46]}
c5 {[%clk 01:32:09]} {[%emt 00:00:27]} 6. f4 {[%clk 01:30:35]} {[%emt
00:00:11]} Nc6 {[%clk 01:32:32]} {[%emt 00:00:08]} 7. Nf3 {[%clk 01:30:32]}
{[%emt 00:00:31]} Be7 {[%clk 01:28:13]} {[%emt 00:04:48]} 8. g3 {[%clk
01:29:09]} {[%emt 00:01:55]} Nb6 {[%clk 01:21:12]} {[%emt 00:07:31]} 9. Bh3
{[%clk 01:26:33]} {[%emt 00:03:06]} Bd7 {[%clk 01:15:51]} {[%emt 00:05:50]} 10.
O-O {[%clk 01:24:30]} {[%emt 00:02:33]} cxd4 {[%clk 01:15:30]} {[%emt
00:00:52]} 11. Nexd4 {[%clk 01:24:41]} {[%emt 00:00:19]} Nxd4 {[%clk 01:15:50]}
{[%emt 00:00:10]} 12. Nxd4 {[%clk 01:25:01]} {[%emt 00:00:09]} Bc5 {[%clk
01:05:57]} {[%emt 00:10:24]} 13. Kh1 {[%clk 01:24:50]} {[%emt 00:00:40]} Bxd4
{[%clk 01:04:33]} {[%emt 00:01:53]} 14. Qxd4 {[%clk 01:24:58]} {[%emt
00:00:22]} Nc4 {[%clk 01:04:49]} {[%emt 00:00:16]} 15. b3 {[%clk 01:24:47]}
{[%emt 00:00:41]} Qb6 {[%clk 01:03:37]} {[%emt 00:01:41]} 16. Qd3 {[%clk
01:22:28]} {[%emt 00:02:49]} Na5 {[%clk 00:52:37]} {[%emt 00:11:31]} 17. Be3
{[%clk 01:20:13]} {[%emt 00:02:45]} Qb5 {[%clk 00:51:49]} {[%emt 00:01:18]} 18.
Qd2 {[%clk 01:17:19]} {[%emt 00:03:23]} Nc6 {[%clk 00:46:17]} {[%emt 00:06:01]}
19. Rfc1 {[%clk 01:13:10]} {[%emt 00:04:39]} d4 {[%clk 00:39:32]} {[%emt
00:07:17]} 20. Bf2 {[%clk 01:11:16]} {[%emt 00:02:23]} Qb4 {[%clk 00:39:11]}
{[%emt 00:00:52]} 21. Qxb4 {[%clk 01:10:53]} {[%emt 00:00:52]} Nxb4 {[%clk
00:38:27]} {[%emt 00:01:14]} 22. Bxd4 {[%clk 01:11:11]} {[%emt 00:00:12]} Nc6
{[%clk 00:32:14]} {[%emt 00:06:43]} 23. Bc5 {[%clk 01:10:57]} {[%emt 00:00:45]}
b6 {[%clk 00:32:02]} 24. Ba3 {[%clk 01:10:38]} {[%emt 00:01:31]} Rc8 {[%clk
00:31:34]} 25. Bg2 {[%clk 01:07:56]} {[%emt 00:04:09]} Nd4 {[%clk 00:29:41]}
{[%emt 00:02:24]} 26. c4 {[%clk 01:06:13]} {[%emt 00:02:13]} h5 {[%clk
00:28:53]} {[%emt 00:01:17]} 27. Rc3 {[%clk 01:05:33]} {[%emt 00:01:07]} h4
{[%clk 00:27:56]} {[%emt 00:01:32]} 28. gxh4 {[%clk 01:02:38]} {[%emt
00:03:24]} Rxh4 {[%clk 00:28:00]} {[%emt 00:00:26]} 29. Rd1 {[%clk 01:02:24]}
{[%emt 00:00:43]} Nb5 {[%clk 00:18:32]} {[%emt 00:09:58]} 30. Rcd3 {[%clk
00:58:21]} {[%emt 00:04:33]} Nxa3 {[%clk 00:17:56]} {[%emt 00:01:07]} 31. Rxd7
{[%clk 00:58:43]} {[%emt 00:00:08]} Rxf4 {[%clk 00:16:33]} {[%emt 00:01:51]}
32. Bc6 {[%clk 00:58:51]} {[%emt 00:00:24]} Rf1+ {[%clk 00:15:50]} {[%emt
00:01:11]} 33. Rxf1 {[%clk 00:57:17]} {[%emt 00:02:06]} Rxc6 {[%clk 00:16:05]}
{[%emt 00:00:15]} 34. Rfxf7 {[%clk 00:57:19]} {[%emt 00:00:27]} Nc2 {[%clk
00:15:02]} {[%emt 00:01:33]} 35. Rxa7 {[%clk 00:57:07]} {[%emt 00:00:42]} Rc8
{[%clk 00:12:46]} {[%emt 00:02:46]} 36. Rxg7 {[%clk 00:56:08]} {[%emt
00:16:58]} Kf8 {[%clk 00:12:05]} 37. Rgb7 {[%clk 00:56:09]} Ne3 {[%clk
00:11:04]} 38. Rxb6 {[%clk 00:55:56]} Rd8 {[%clk 00:10:37]} 39. Rd6 {[%clk
00:55:29]} Re8 {[%clk 00:10:21]} 40. c5 {[%clk 00:54:59]} Kg8 {[%clk 00:10:20]}
41. c6 {[%clk 00:54:59]} Rf8 {[%clk 00:09:48]} 42. h4 {[%clk 00:54:24]} Rd8
{[%clk 00:07:25]} 43. Rxd8# {[%clk 00:53:51]} 1-0

[Event "DEM U12 2021"]
[Site "Willingen GER"]
[Date "2021.08.29"]
[Round "9"]
[White "Bock, Leonas"]
[Black "Lumma, Justus"]
[Result "0-1"]
[Termination "normal"]
[Board "24"]
[WhiteElo "1278"]
[BlackElo "1081"]
[WhiteClock "00:19:26"]
[BlackClock "01:12:58"]
[PlyCount "44"]
[WhiteFideId "16287118"]
[BlackFideId "16287193"]
[EventCountry "GER"]
[EventRounds "9"]
[EventType "swiss"]
[EventDate "2021.08.22"]

1. d4 {[%clk 01:30:57]} {[%emt 00:00:02]} f5 {[%clk 01:30:46]} {[%emt
00:00:14]} 2. Bg5 {[%clk 01:31:02]} {[%emt 00:00:25]} h6 {[%clk 01:31:05]}
{[%emt 00:00:11]} 3. Bh4 {[%clk 01:31:17]} {[%emt 00:00:15]} g5 {[%clk
01:31:05]} {[%emt 00:00:30]} 4. Bg3 {[%clk 01:31:32]} {[%emt 00:00:14]} f4
{[%clk 01:31:10]} {[%emt 00:00:26]} 5. e3 {[%clk 01:31:45]} {[%emt 00:00:17]}
Nf6 {[%clk 01:31:27]} {[%emt 00:00:14]} 6. exf4 {[%clk 01:30:46]} {[%emt
00:01:28]} gxf4 {[%clk 01:31:35]} {[%emt 00:00:23]} 7. Bxf4 {[%clk 01:31:05]}
{[%emt 00:00:10]} b6 {[%clk 01:31:41]} {[%emt 00:00:25]} 8. Bd3 {[%clk
01:25:47]} {[%emt 00:05:47]} Rg8 {[%clk 01:30:45]} {[%emt 00:01:26]} 9. Be2
{[%clk 01:25:27]} {[%emt 00:00:51]} Bg7 {[%clk 01:26:15]} {[%emt 00:04:59]} 10.
Bh5+ {[%clk 01:17:47]} {[%emt 00:08:10]} Kf8 {[%clk 01:23:48]} {[%emt
00:02:57]} 11. Qf3 {[%clk 01:09:22]} {[%emt 00:08:56]} Nc6 {[%clk 01:23:15]}
{[%emt 00:01:04]} 12. g4 {[%clk 01:04:05]} {[%emt 00:05:46]} Bb7 {[%clk
01:23:36]} {[%emt 00:00:09]} 13. Bg6 {[%clk 00:51:58]} {[%emt 00:12:37]} Na5
{[%clk 01:18:44]} {[%emt 00:05:22]} 14. Qe3 {[%clk 00:45:01]} {[%emt 00:07:27]}
Nd5 {[%clk 01:18:13]} {[%emt 00:01:02]} 15. Qg3 {[%clk 00:42:38]} {[%emt
00:02:53]} e6 {[%clk 01:15:18]} {[%emt 00:03:25]} 16. Be4 {[%clk 00:37:34]}
{[%emt 00:05:34]} Qf6 {[%clk 01:14:42]} {[%emt 00:01:05]} 17. Be5 {[%clk
00:31:03]} {[%emt 00:07:01]} Qg5 {[%clk 01:13:20]} {[%emt 00:01:52]} 18. f4
{[%clk 00:25:30]} {[%emt 00:06:05]} Qe7 {[%clk 01:12:16]} {[%emt 00:01:33]} 19.
a3 {[%clk 00:23:53]} {[%emt 00:02:08]} Bf6 {[%clk 01:12:23]} {[%emt 00:00:20]}
20. Nd2 {[%clk 00:22:05]} {[%emt 00:02:20]} Bh4 {[%clk 01:12:45]} {[%emt
00:00:08]} 21. c4 {[%clk 00:19:07]} {[%emt 00:03:29]} Bxg3+ {[%clk 01:12:51]}
{[%emt 00:00:24]} 22. hxg3 {[%clk 00:19:26]} {[%emt 00:00:11]} d6 {[%clk
01:12:58]} {[%emt 00:00:23]} 0-1